000 00329nam a22001337a 4500
008 181016b xxu||||| |||| 00| 0 eng d
020 _a9780618806843
041 _aeng
080 _28 ED
_a321
100 _a21
101 _aPOL
245 _aWestern Civlization Ideas Politics And Society
_cChase.j
942 _2udc
_cBK
999 _c49812
_d49812